000 00699nam a22002057a 4500
999 _c12626
_d12626
003 AR-CdUCM
008 190409b ||||| |||| 00| 0 spa d
040 _aMUNICIPALIDAD PROVINCIAL DEL CUSCO
_cBIBLIOTECA MUNICIPAL DEL CUSCO
082 _a869.5592 /
_bM23 / 1902
100 _aMatto de Turner, Clorinda
_9719
245 _aBoreales, miniaturas y porcelanas /
260 _aBuenos Aires :
_bImpr. de Juan A. Alsina,
_c1902.
300 _a320 páginas ;
_bretratos,
_c22 cm.
505 _aContenido: Boreales -- Miniaturas -- Porcelanas.
650 _aNovelas Peruanas
_9545
650 _aSiglo XIX
_9971
650 _aLiteratura Peruana
_9132
942 _2ddc
_cLIBROS
945 _aachl
_d2019-04-09